Danny Dunn and the Anti-gravity paint / (Record no. 110710)
[ view plain ]
| 000 -LEADER | |
|---|---|
| fixed length control field | 00456nam a2200145 a 4500 |
| 001 - CONTROL NUMBER | |
| control field | 1764 |
| 005 - DATE AND TIME OF LATEST TRANSACTION | |
| control field | 20140414131902.0 |
| 008 - FIXED-LENGTH DATA ELEMENTS--GENERAL INFORMATION | |
| fixed length control field | 001219s19uu xx 00 eng d |
| 050 ## - LIBRARY OF CONGRESS CALL NUMBER | |
| Classification number | FIC |
| Item number | D19 1956 |
| 100 ## - MAIN ENTRY--PERSONAL NAME | |
| Personal name | Williams, Jay |
| 245 ## - TITLE STATEMENT | |
| Title | Danny Dunn and the Anti-gravity paint / |
| Statement of responsibility, etc | by Jay Williams & Raymond Abrashkin ; illustrated by Ezra Jack Keats. |
| 260 ## - PUBLICATION, DISTRIBUTION, ETC. (IMPRINT) | |
| Place of publication, distribution, etc | New York : |
| Name of publisher, distributor, etc | Whittlesey House, |
| Date of publication, distribution, etc | 1956. |
| 300 ## - PHYSICAL DESCRIPTION | |
| Extent | 154 p. : ill. ; cm. |
| Withdrawn status | Lost status | Damaged status | Use restrictions | Home library | Current library | Shelving location | Date acquired | Source of acquisition | Total Checkouts | Full call number | Barcode | Date last seen | Price effective from | Koha item type |
|---|---|---|---|---|---|---|---|---|---|---|---|---|---|---|
| Munich Library | Munich Library | Fiction Section | 12/23/2004 | FIC D19 1956 | M1185 | 04/14/2014 | 04/14/2014 | Books |